000 00470nam a22001697a 4500
005 20251108164330.0
008 250721s1963 xx 000 0 ara d
082 1 4 _a492.407/محم
100 1 _aرشدان، محمد سليم
245 1 0 _aنهج اللغة العبرية /
264 1 _aدمشق :
_bمطبعة جامعة دمشق،
_c1963.
300 _a
650 1 7 _aاللغة العبرية
650 1 7 _aالتعلم
942 _2ddc
_cBK
999 _c9525
_d9525